<?xml version="1.0" encoding="UTF-8"?>
<marc:record xmlns:marc="http://www.loc.gov/MARC21/slim">
   <marc:leader>00000nam a2200000 a 4500</marc:leader>
   <marc:datafield ind1="0" ind2="0" tag="245">
      <marc:subfield code="a">Dei Bühne gehört uns</marc:subfield>
   </marc:datafield>
   <marc:datafield ind1=" " ind2="1" tag="264">
      <marc:subfield code="a">Sshlieren</marc:subfield>
      <marc:subfield code="b">Universal pictures Germany GmbH.</marc:subfield>
      <marc:subfield code="c">2013</marc:subfield>
   </marc:datafield>
   <marc:datafield ind1="1" ind2=" " tag="490">
      <marc:subfield code="a">Pitch perfect</marc:subfield>
      <marc:subfield code="v">1</marc:subfield>
   </marc:datafield>
   <marc:datafield ind1="1" ind2=" " tag="520">
      <marc:subfield code="a">Das A cappella-Team der Bellas verliert nach einem blamablen Meisterschaftsauftritt fast alle Mitglieder. So nimmt die propere Teamführerin gezwungenermaßen eine Reihe von unpopulären und unangepassten Außenseiterinnen auf. Darunter auch die ausgeflippte Beca, die einige Ideen hat, um die Sachen auf Techno- und HipHop-Trab zu bringen. Doch Aubrey ist zunächst nicht umzustimmen. Mit kleinen Modernisierungen schaffen sie es dennoch bis ins Finale. Auf einen Sieg können sie jedoch nur mit einem Komplett-Makeover hoffen.</marc:subfield>
   </marc:datafield>
   <marc:datafield ind1="0" ind2=" " tag="490">
      <marc:subfield code="v">0</marc:subfield>
   </marc:datafield>
   <marc:datafield ind1=" " ind2=" " tag="300">
      <marc:subfield code="a">1 Stunde 48 Minuten</marc:subfield>
   </marc:datafield>
</marc:record>
